Trabajo social en la política social del estado
Guardat en:
| Format: | Llibre |
|---|---|
| Idioma: | espanyol |
| Publicat: |
Buenos Aires
Humanitas
1979
|
| Col·lecció: | Colección Humanitas-Celats
|
| Matèries: | |
| Etiquetes: |
Afegir etiqueta
Sense etiquetes, Sigues el primer a etiquetar aquest registre!
|
MARC
| LEADER | 00000nam a2200000 a 4500 | ||
|---|---|---|---|
| 001 | UCY0248 | ||
| 003 | CL-VaPUC | ||
| 005 | 20240730091420.0 | ||
| 008 | 940719e19790000ag 1 spa d | ||
| 082 | 0 | 4 | |a 361.61 |b TRA |2 21 |
| 245 | 1 | 0 | |a Trabajo social en la política social del estado |
| 260 | |a Buenos Aires |b Humanitas |c 1979 | ||
| 300 | |a 237 p | ||
| 490 | 0 | |a Colección Humanitas-Celats | |
| 583 | |a last modification |c 19940719 00:00:00 |k Rodrigo Vera | ||
| 650 | 0 | 0 | |a Trabajo social |9 307856 |
| 650 | 0 | 0 | |a Congresos |9 257560 |
| 650 | 0 | 0 | |a Política social |9 257588 |
| 651 | 0 | |a América Latina |9 255027 | |
| 942 | |c BK | ||
| 945 | |a oaravena |d 19940719 00:00:00 | ||
| 546 | |a En Español | ||
| 518 | |p Seminario de la Asociación Latinoamericana de Escuelas de Trabajo Social, 7, Republica Dominicana, 1977 | ||
| 999 | |c 382239 |d 382237 | ||
| 952 | |0 0 |1 0 |4 0 |6 361_610000000000000_TRA_1979 |7 0 |8 A |9 503814 |a BIBGIM |b BIBGIM |d 2020-01-23 |i 2992779 |o 361.61 TRA 1979 |p 2992779 |r 2025-01-15 |w 2020-01-23 |y BK |k SSL | ||